AH International Schools' Libraries

A desert friend: (Record no. 48590)

MARC details
000 -LEADER
fixed length control field 00317nam a2200109 4500
020 ## - INTERNATIONAL STANDARD BOOK NUMBER
International Standard Book Number 9781499803341
100 ## - MAIN ENTRY--PERSONAL NAME
Personal name Nash, Eryl
9 (RLIN) 75591
245 ## - TITLE STATEMENT
Title A desert friend:
Remainder of title a rhyming, pop-up adventure! /
Statement of responsibility, etc Eryl Nash & Essi Kimpimaki
260 ## - PUBLICATION, DISTRIBUTION, ETC. (IMPRINT)
Place of publication, distribution, etc USA
Name of publisher, distributor, etc Bonnier
Date of publication, distribution, etc 2017
300 ## - PHYSICAL DESCRIPTION
Extent unpaged.
Other physical details col. ill.
Dimensions 23 cm.
942 ## - ADDED ENTRY ELEMENTS (KOHA)
Source of classification or shelving scheme
Koha item type Book
Holdings
Withdrawn status Lost status Source of classification or shelving scheme Damaged status Not for loan Home library Current library Shelving location Date acquired Total Checkouts Full call number Barcode Date last seen Date checked out Price effective from Koha item type
          Asian Hope Early Years Library Asian Hope Early Years Library Easy Reading 03/12/2025 4 BB E NAS 207298 04/29/2026 04/22/2026 03/12/2025 Board Book

For any Logos Library related questions please contact Miss Art at swongnarasuk@asianhope.org.

For any Asian Hope Library related questions please contact Miss Raza at graza@asianhope.org.

Powered by Koha